000 00333nam a2200133Ia 4500
005 20260328104312.0
008 260328s9999||||xx |||||||||||||| ||und||
100 _aThomson, Richard
245 0 _aMonet & Architecture /
_cRichard Thomson
260 _bNational Gallery Company
300 _a248 p.
650 _aPINTURA
942 _cBK
999 _c11026
_d11026